000 01257nam a2200241Ia 4500
003 Ost
005 20260507075305.0
008 260507s9999||||xx |||||||||||||| ||und||
020 _a9789957123499
040 _cfsecg
041 _aara
082 _a330
100 _aالنعيمي، محمد عبد العال
_eمؤلف
245 0 _aاستخدام الطرق الاحصائية في تصميم البحث العلمي /
_c محمد عبد العال النعيمي
260 _aعمان:
_bاليازوري,
_c2011
300 _a362 صفحة؛
_bإيضاحات ؛
_c25 سم
520 _aالبحث العلمي و طرق اختيار العينة، اختيار الفرضيات و تحليل التباين ، التصاميم التجريبية و المقارنات المتعددة ، البحث العلمي : تصميم تام التعشية ، تصميم القطاعات الكاملة العشوائية و تصميم المربع اللاتيني ، تحليل التباين المشترك و أخيرا تحليل التجارب العاملية .
653 _aالاحصاء
653 _aالبحث العلمي
653 _aالبحوث
700 _aعناب، عمار عادل
_eمؤلف ثانوي
942 _cكتاب
999 _c43812
_d43812